000 00578nam a22001697a 4500
003 OSt
005 20171010095515.0
008 120814t xxu||||| |||| 00| 0 eng d
040 _aMMSU
_cULS
100 _aCajigal, Leonida L.
_912151
245 _aPagbuo at pagbalideyt ng integratibong lagumang pagsusulit sa Filipino IV
_cLeonida L. Cajigal
260 _c2000
300 _axix, 169 leaves
_c28 cm.
500 _aThesis (MA Education-Filipino) -- Mariano Marcos State University-Graduate School, Laoag City
504 _aBibliography: leaves 121-126
942 _2ddc
_cTHEDIS
999 _c9728
_d9728